|
|
|
|
| LEADER |
00000nab a2200000 i 4500 |
| 001 |
publ346 |
| 005 |
20150910142301.0 |
| 008 |
150910s2009 hu o 000 zxx d |
| 040 |
|
|
|a BGE Publikációtár Repozitórium
|b hun
|
| 100 |
1 |
|
|a Jäckel Katalin
|
| 245 |
1 |
2 |
|a A felsőoktatási szolgáltatás konfliktushelyzeteinek feltérképezése
|b Egy feltáró kutatás eredményei a frontvonal konfliktusokról
|c Jäckel Katalin
|h [elektronikus dokumentum]
|
| 260 |
|
|
|c 2009
|
| 300 |
|
|
|a 5-23
|
| 490 |
0 |
|
|a Szakmai Füzetek
|v No. 27. sz.
|
| 650 |
|
4 |
|a neveléstudományok
|
| 695 |
|
|
|a Felsőoktatás
|
| 695 |
|
|
|a Konfliktuskezelés
|
| 856 |
4 |
0 |
|u https://publikaciotar.uni-bge.hu/id/eprint/346/1/szf_27_01.pdf
|z Dokumentum-elérés
|